000 00648nam a2200229Ia 4500
003 OSt
005 20221007075153.0
006 a|||||r|||| 00| 0
007 ta
008 221006b |||||||| |||| 00| 0 eng d
024 _a17,679
037 _cTextual
040 _aFLL
_cFLL
_beng
041 _2eng
_aeng
082 _aY:45:61.2.N47-M61, L9
100 _aGupta Anandswarup Au.
_9693593
245 0 _aPolice in British India 1816-1947
260 _aNew Delhi
_bConcept Pub. India
_c1979
300 _axx,580p
_ccm.
942 _hY:45:61.2.N47-M61, L9
_cTEXL
_2CC
999 _c1155069
_d1155069